| 000 | 00814nam a2200265 a 4500 | ||
|---|---|---|---|
| 999 |
_c8573 _d8573 |
||
| 001 | 8573 | ||
| 003 | BD-JhCC | ||
| 005 | 20180919124543.0 | ||
| 008 | 190918s1972 ilua b 001 0 eng d | ||
| 035 | _aOCLC ocm00348402 from D950501M | ||
| 040 |
_aDLC _cDLC _dEQO _dBD-JhCC |
||
| 041 | _aeng | ||
| 050 | 0 |
_aHD4901 _b.C34 1972 |
|
| 082 |
_a331 _bCAR 1967 |
||
| 100 | 1 |
_aCartter, Allan M. _q(Allan Murray), _d1922-1976. |
|
| 245 | 0 | 0 |
_aLabor economics; wages, employment, and trade unionism / _c[by] Allan M. Cartter [and] F. Ray Marshall |
| 250 | _aRev. ed | ||
| 260 |
_aHomewood, Ill : _bR. D. Irwin, _c1967 |
||
| 300 |
_a584 p. _billus. _c24 cm |
||
| 490 | 1 | _aThe Irwin series in economics | |
| 504 | _aIncludes bibliographies | ||
| 650 | 0 | _aLabor economics. | |
| 700 | 1 | _aMarshall, F. Ray. | |
| 942 |
_2ddc _cBK |
||